000 00500nam a2200181Ia 4500
005 20250508150726.0
008 008 250505s9999 xx 000 0 hin d
037 _aTextual
040 _aFEDL
_beng
_cFEDL
041 _ahin
_2eng
084 _a294.3, SHA
_qFEDL
100 _aShastri Sri Chatursen
_9757473
245 0 _aBoddh aur boddh - dharam
260 _aDelhi, India
_bHindi - Sahitya - Mandal
300 _a315p.
942 _cTEXL
_h294.3, SHA
999 _c1325288
_d1325288